000 00323nam a2200121Ia 4500
008 150201s2010 xx 000 0 und d
082 _a612.015
_bB10P
100 _aPUROHIT,SS
245 _aBIOCHEMISTRY FUNDAMENTALS AND APPLICATIONS
260 _bSTUDENT EDITION
_aJOTHPUR
_c2010
650 _aBIOCHEMISTRY
942 _2ddc
_cBK
_01
999 _c898
_d898